000 00466nam a2200145 4500
999 _c513522
_d513522
008 200304b ||||| |||| 00| 0 eng d
100 _aMajumdar, Kamal Bikash
_916534
245 _aOccupational and organisational stress on police: A discussion on recent studies
260 _bIndian Police Journal
300 _a66(4), Oct-Dec, 2019: p.82-89.
650 _aOccupational stress
_916535
773 _aIndian Police Journal
906 _aPolice
942 _2ddc
_cAR